000 01466cab a2200361 4500
001 ABS59184
008 090401t1998 xxu||||| |||| 00| 0 eng d
035 _a(Sirsi) u88322
041 _aeng
100 _aGibbard, R
245 _aAricultural tenancies: implied surrender and regrant
260 _c1998
350 _a0
490 _aRent Review & Lease Renewal
_v18(3) 1998, 253-258(6)
520 _aCompares the protection afforded to agricultural tenants under the Agricultural Tenancies Act 1995 and the Agricultural Holdings Act 1986. Considers the conversion of a tenancy under the 1986 Act to the 1995 Act by means of an implied surrender and regrant, either knowingly, by one or both of the parties, or inadvertently by their joint action.
650 _aAGRICULTURAL HOLDINGS ACT
650 _aAGRICULTURAL PROPERTY RELIEFS
650 _aAGRICULTURAL TENANCIES ACT 1995
650 _aPROPERTY-LANDLORD AND TENANT-TENANCIES-AGRICULTURAL TENANCIES
650 _aFARM BUSINESS TENANCIES
650 _aFRIENDS PROVIDENT LIFE OFFICE V BRITISH RAILWAYS BOARD
650 _aJ W CHILDERS TRUST V ANKER
650 _aJENKINS R LEWIS V KERMAN
650 _aRENT REVIEWS
650 _aSAUNDERS TRUSTEES V RALPH
650 _aSECURITY OF TENURE
650 _aSUCCESSION RIGHTS
650 _aSURRENDER AND RE-GRANT
650 _aVARIATIONS
690 _aLANDLORD AND TENANT-AGRICULTURAL TENANCIES
942 _n0
948 _c07/09/1998
999 _c55785
_d55785